Տաճար ։ (Record no. 437758)
[ view plain ]
| 000 -LEADER | |
|---|---|
| fixed length control field | 00629nas a22002057a 4500 |
| 003 - CONTROL NUMBER IDENTIFIER | |
| control field | AM-YeHGA |
| 005 - DATE AND TIME OF LATEST TRANSACTION | |
| control field | 20260327133547.0 |
| 008 - FIXED-LENGTH DATA ELEMENTS--GENERAL INFORMATION | |
| fixed length control field | 190924b19091909arm||||| |||| 00| 0 arm d |
| 040 ## - CATALOGING SOURCE | |
| Original cataloging agency | AM-YeHGA |
| 041 #0 - LANGUAGE CODE | |
| Language code of text/sound track or separate title | arm |
| 222 ## - KEY TITLE | |
| Key title | Տաճար |
| 245 00 - TITLE STATEMENT | |
| Title | Տաճար ։ |
| Remainder of title | Կրօնա-եկեղեցական կիսամսեա հանդէս |
| 260 ## - PUBLICATION, DISTRIBUTION, ETC. | |
| Place of publication, distribution, etc. | Կ.Պոլիս ։ |
| Name of publisher, distributor, etc. | Տպ. Օսմանեան Գործակցական Ընկերության ։ |
| Date of publication, distribution, etc. | 1909- |
| 300 ## - PHYSICAL DESCRIPTION | |
| Extent | համար |
| 310 ## - CURRENT PUBLICATION FREQUENCY | |
| Current publication frequency | Կեսամսյա |
| 362 #0 - DATES OF PUBLICATION AND/OR SEQUENTIAL DESIGNATION | |
| Dates of publication and/or sequential designation | 1909- |
| 650 04 - SUBJECT ADDED ENTRY--TOPICAL TERM | |
| Topical term or geographic name entry element | Ամսագիր |
| 650 14 - SUBJECT ADDED ENTRY--TOPICAL TERM | |
| Topical term or geographic name entry element | Կրոն |
| Form subdivision | Պարբերականներ |
| 942 ## - ADDED ENTRY ELEMENTS (KOHA) | |
| Source of classification or shelving scheme | Universal Decimal Classification |
| Koha item type | Շարունակական պաշար / Continuing Resource |
| Withdrawn status | Lost status | Source of classification or shelving scheme | Damaged status | Not for loan | Collection | Home library | Current library | Date acquired | Serial enumeration / chronology | Total checkouts | Full call number | Barcode | Date last seen | Price effective from | Koha item type | Public note |
|---|---|---|---|---|---|---|---|---|---|---|---|---|---|---|---|---|
| Universal Decimal Classification | Alpoiajian Individual Collection | Fundamental Scientific Library | Fundamental Scientific Library | 24/09/2019 | 1909, Ա տարի, N 1 | Ալպ/3276 | FL0596147 | 24/09/2019 | 24/09/2019 | Շարունակական պաշար / Continuing Resource | ILL Non-Circ | |||||
| Universal Decimal Classification | Alpoiajian Individual Collection | Fundamental Scientific Library | Fundamental Scientific Library | 25/09/2019 | 1911, Բ տարի, № 25-52 | Ալպ/3278 (2) | FL0596149 | 25/09/2019 | 25/09/2019 | Շարունակական պաշար / Continuing Resource | ILL Non-Circ | |||||
| Universal Decimal Classification | Alpoiajian Individual Collection | Fundamental Scientific Library | Fundamental Scientific Library | 27/09/2019 | 1913, Դ տարի, № 1-37 | Ալպ/3280 | FL0596163 | 27/09/2019 | 27/09/2019 | Շարունակական պաշար / Continuing Resource | ILL Non-Circ |
ՀՀ Գիտությունների ազգային ակադեմիայի հիմնարար գիտական գրադարան = Fundamental Scientific Library of NAS RA
All site content, except where otherwise noted, is licensed under a